| 000 | 00727nam a2200229Ii 4500 | ||
|---|---|---|---|
| 008 | 221202s xx 000 0 und d | ||
| 245 | 0 | _aSyntactic Complexity across Interfaces | |
| 264 |
_bDe Gruyter _c2015 |
||
| 300 | _a1 online resource | ||
| 336 |
_atext _btxt _2rdacontent |
||
| 337 |
_acomputer _bc _2rdamedia |
||
| 338 |
_aonline resource _bcr _2rdacarrier |
||
| 520 | _aSyntactic Complexity; Grammar Theory; Interface Syntax; Clausal Embedding | ||
| 653 | _aClausal Embedding | ||
| 653 | _aGrammar Theory | ||
| 653 | _aInterface Syntax | ||
| 653 | _aSyntactic Complexity | ||
| 700 | 1 | _aBayer, Josef | |
| 700 | 1 | _aTrotzke, Andreas | |
| 856 | _uhttp://library.oapen.org/handle/20.500.12657/23906 | ||
| 942 | _cE-BOOK | ||
| 999 |
_c65881 _d65881 |
||